Desarrollo de redes neuronales para la administración de portafolios de inversión
Uloženo v:
| Hlavní autor: | |
|---|---|
| Další autoři: | , , |
| Médium: | Kniha |
| Jazyk: | Spanish |
| Vydáno: |
[San José, Costa Rica]
2010
|
| Témata: | |
| Tagy: |
Přidat tag
Žádné tagy, Buďte první, kdo vytvoří štítek k tomuto záznamu!
|
MARC
| LEADER | 00000nam a2200000Ia 4500 | ||
|---|---|---|---|
| 003 | 010488 | ||
| 005 | 20240516113804.0 | ||
| 008 | 140114s2010 c a 000 0 spa d | ||
| 040 | |c cru CEDI | ||
| 090 | |a TFG 6371 | ||
| 100 | |a Jenkis MacDonald, Christopher |9 2527 | ||
| 245 | |a Desarrollo de redes neuronales para la administración de portafolios de inversión | ||
| 260 | |c 2010 |b [San José, Costa Rica] | ||
| 500 | |a Tesis (licenciatura en ingeniería eléctrica)--Universidad de Costa Rica. Facultad de Ingeniería. Escuela de Ingeniería Eléctrica | ||
| 650 | |x ACCIONES (BOLSA) - PRECIOS |x PROCESAMIENTO DE DATOS |x REDES NEURALES (COMPUTADORAS) |x DISEÑO |x FONDOS DE INVERSION |x INVERSIONES |x ESPECULACIONES MERCANTILES |9 2528 | ||
| 700 | |9 2529 |a Montero Amador, Walter | ||
| 700 | |9 2530 |a Palma Solano, Ronald | ||
| 700 | |a Santana Barboza, Guillermo, 1954- |9 2531 | ||
| 942 | |c TFG | ||
| 999 | |c 15820 |d 15820 | ||
